000 00297nam a2200133Ia 4500
008 190216s9999||||xx |||||||||||||| ||und||
100 _aJhingan M L
245 0 _aMacro Economic Theory
250 _aTHIRD EDI
260 _bVrinda Pub
_c2013
300 _a550
650 _aEcnomics
942 _cBK
999 _c11276
_d11276